00896nam a2200241 a 450000100060000000300080000600500170001400800410003102000180007203500190009004000530010904100080016208200260017024500780019625000120027426000460028630000360033250001160036850400510048465000340053570000190056970000660058865925BD-RjUL20211209081501.0170313s2007 maua b 001 0ceng  a9788131721018 a(BD-RjUL)66055 aDLCcDLCdYDXCPdBAKERdOCLCQdDLCdBD-RjULbeng aeng00223a005.453bCOM 200700aCompilers :bprinciples, techniques, & tools /cAlfred V. Aho [et al...]. a2nd ed. aBoston :bPearson/Addison Wesley,cc2007. axxiv, 1009 p. :bill. ;c25 cm. aRev. ed. of: Compilers, principles, techniques, and tools / Alfred V. Aho, Ravi Sethi, Jeffrey D. Ullman. 1986. aIncludes bibliographical references and index. 0aCompilers (Computer programs)1 aAho, Alfred V.1 aAho, Alfred V.tCompilers, principles, techniques, and tools.